हिन्दी बंगला कृष्णकाव्य में कृष्ण का स्वरूप (Record no. 887509)

MARC details
000 -LEADER
fixed length control field 01088nam a2200241Ia 4500
003 - CONTROL NUMBER IDENTIFIER
control field OSt
005 - DATE AND TIME OF LATEST TRANSACTION
control field 20220930094702.0
008 - FIXED-LENGTH DATA ELEMENTS--GENERAL INFORMATION
fixed length control field 220926b |||||||| |||| 00| 0 hin d
037 ## - SOURCE OF ACQUISITION
Terms of availability Theses
040 ## - CATALOGING SOURCE
Original cataloging agency CRL
Transcribing agency CRL
Language of cataloging hin
041 ## - LANGUAGE CODE
Source of code hin
Language code of text/sound track or separate title hin
100 ## - MAIN ENTRY--PERSONAL NAME
Personal name घोष, सुनन्दा
110 ## - MAIN ENTRY--CORPORATE NAME
Corporate name or jurisdiction name as entry element दिल्ली विश्वविद्यालय. कला संकाय. हिन्दी विभाग
245 #0 - TITLE STATEMENT
Title हिन्दी बंगला कृष्णकाव्य में कृष्ण का स्वरूप
Remainder of title 14वीं शताब्दी से 18वीं शताब्दी तक
246 ## - VARYING FORM OF TITLE
Title proper/short title Hindī bangalā kṛuṣhṇakāvya mean kṛuṣhṇa kā svarūpa: 14vīan shatābdī se 18vīan shatābdī taka
260 ## - PUBLICATION, DISTRIBUTION, ETC.
Date of publication, distribution, etc. 1972
700 ## - ADDED ENTRY--PERSONAL NAME
Personal name दिल्ली विश्वविद्यालय. कला संकाय. हिन्दी विभाग
942 ## - ADDED ENTRY ELEMENTS (KOHA)
Koha item type Dissertations
Source of classification or shelving scheme Colon Classification (CC)

No items available.

Copyright @ Delhi University Library System